Online
Catalog

Soledades : (Record no. 9596)

MARC details
000 -CABECERA
campo de control de longitud fija 00918cam a2200277 a 4500
001 - NÚMERO DE CONTROL
campo de control 000009837
003 - IDENTIFICADOR DEL NÚMERO DE CONTROL
campo de control UkOxU
005 - FECHA Y HORA DE LA ÚLTIMA TRANSACCIÓN
campo de control 20200929161727.0
008 - DATOS DE LONGITUD FIJA--INFORMACIÓN GENERAL
campo de control de longitud fija 880808s1969 sp b 001 p spa d
035 ## - NÚMERO DE CONTROL DEL SISTEMA
Número de control de sistema oxf98301565
040 ## - FUENTE DE LA CATALOGACIÓN
Centro catalogador/agencia de origen DO-SdBNP
Centro/agencia modificador m.c
-- BNPHU
082 ## - NÚMERO DE LA CLASIFICACIÓN DECIMAL DEWEY
Número de clasificación nnn
Número de documento/Ítem M149s, 1969
049 ## - FONDOS LOCALES (OCLC)
Fondos de biblioteca BNGR
100 1# - ENTRADA PRINCIPAL--NOMBRE DE PERSONA
Nombre de persona Machado, Antonio,
Forma completa/desarrollada del nombre (Antonio Machado Ruiz)
Fechas asociadas al nombre 1875-1939.
9 (RLIN) 24751
245 10 - MENCIÓN DE TÍTULO
Título Soledades :
Resto del título poesías /
Mención de responsabilidad, etc. Antonio Machado ; edición, estudio y notas de Rafael Ferreres.
250 ## - MENCIÓN DE EDICIÓN
Mención de edición 2a ed,
260 ## - PUBLICACIÓN, DISTRIBUCIÓN, ETC.
Lugar de publicación, distribución, etc. Madrid :
Nombre del editor, distribuidor, etc. Taurus,
Fecha de publicación, distribución, etc. 1969.
300 ## - DESCRIPCIÓN FÍSICA
Extensión 139 p. ;
Dimensiones 18 cm.
490 1# - MENCIÓN DE SERIE
Mención de serie Temas de España
Designación de volumen o secuencia 69
505 0# - NOTA DE CONTENIDO CON FORMATO
Nota de contenido con formato Desolaciones y monotonías. -- Del camino. -- Salmodias de abril. -- Humorismos.
650 #4 - PUNTO DE ACCESO ADICIONAL DE MATERIA--TÉRMINO DE MATERIA
Término de materia o nombre geográfico como elemento de entrada Poesía española
9 (RLIN) 631
650 #4 - PUNTO DE ACCESO ADICIONAL DE MATERIA--TÉRMINO DE MATERIA
Término de materia o nombre geográfico como elemento de entrada Literatura española
9 (RLIN) 632
700 1# - PUNTO DE ACCESO ADICIONAL--NOMBRE DE PERSONA
Nombre de persona Ferreres, Rafael.
Término indicativo de función/relación ed.
9 (RLIN) 24752
830 #0 - PUNTO DE ACCESO ADICIONAL DE SERIE-TÍTULO UNIFORME
Título uniforme Temas de España ;
Designación de volumen o secuencia 69
9 (RLIN) 6849
910 ## - DATOS DE OPCIÓN DEL USUARIO (OCLC)
Datos de opción del usuario Catalogación derivada
Holdings
Estado de retiro Estado de pérdida Restricciones de uso No para préstamo Código de colección Localización permanente Ubicación/localización actual Ubicación en estantería Fecha de adquisición Número de inventario Total de préstamos Signatura topográfica completa Código de barras Fecha visto por última vez Precio válido a partir de Tipo de ítem Koha
    Préstamo interno   Monografías: Libros y Folletos General General En catalogación 01.10.2009 LF1   nnn M149s, 1969 9837-10 25.06.2020 25.06.2020 Préstamo interno

Powered by Koha